=LDR 00000nam 2200000 4500 =001 INLIS000000000033019 =005 20130612135010 =008 ***********************************ind** =035 ##$$0010-061300000033019 =041 ##$$a ind =082 ##$$a 028.5 =090 ##$$a 028.5, Mah h =100 ##$$a Maharani =245 ##$$a Haedi's Spines, Maharani; Editor, Eva Yuliana =260 ##$$a 2008 $b Jakarta =300 ##$$a 48 hlm, Ilus, 22 cm =650 ##$$a Bacaan Kanak-Kanak =700 ##$$a yuliana, Eva =850 ##$$a NBPNMAT